000 00337 a2200133 4500
005 20250410141013.0
082 _a658.85 HAM
100 _aHAMPTOM,R. E.
245 _aCollege Salesmanship
260 _aNew York,
_bGregg Division,
_c1970.
300 _aviii, 530p., ill.,
_bIndex,
_c24cm.
700 _aZABIN, J. B.
942 _2ddc
_cBKS
999 _c1276
_d1276